Responses for Show #2598 - Wednesday, December 13, 1995

Brad Plovan game 3.

Contestants

[<< previous game]

Michael McRee, an engineer from Phillipsburg, New Jersey

Shana Aborn, an associate editor from New York, New York

Brad Plovan, a lawyer from Baltimore, Maryland (whose 2-day cash winnings total $19,201)

[next game >>]

Jeopardy! Round responses

NEW ORLEANS
ACTORS & THEIR ROLES
HINTS FROM HELOISE
HISTORIC NAMES
HORSE SENSE
GENERAL KNOWLEDGE
    $100 7
streetcar

Shana
    $100 1
Thomas Jefferson

Brad
    $100 6
St. Patrick's Day

Michael
    $100 12
Woodrow Wilson

Brad
    $100 26
Appaloosa

Brad
    $100 13
elementary

Michael
    $200 14
Mardi Gras

Brad
    $200 2
The Flintstones

Shana
    $200 8
its ears

Brad
    $200 17
(Michael: What is Antoinette?)

Medici

Michael
Triple Stumper
    $200 27
hands

Brad
    $200 15
Sherwood Forest

Michael
    $300 16
Tara

Shana
    $300 3
Jason Alexander

Brad
    $300 9
rubber gloves

Brad
    $300 18
Chiang Kai-shek

Brad
    $300 28
teeth

Shana
    $300 19
(Shana: What is an apostrophe?)

colon

ShanaMichael
    $400 20
(Shana: What is Bourbon Street?)

Basin Street

Shana
Triple Stumper
    $400 4
Patrick Swayze

Shana
    $400 10
your hair

Brad
    $1,000 24
(Brad: Who was Nero?)

Augustus Caesar

Brad
    $400 29
bridle

Michael
    $400 22
Ramadan

Michael
    $500 21
Paul Prudhomme

Shana
    $500 5
Doc Holliday

Triple Stumper
    $500 11
vinegar

Shana
    $500 25
"Cross of Gold"

Brad
    $500 30
the Preakness

Brad
    $500 23
Joseph Lister

Brad

Scores at the first commercial break (after clue 15):

Brad Shana Michael
$1,600 $1,200 $400

Scores at the end of the Jeopardy! Round:

Brad Shana Michael
$2,700 $1,600 $1,300

Double Jeopardy! Round responses

1987
MUSEUMS
WOMEN IN MYTHOLOGY
LAKES & RIVERS
AUTHORS AT WAR
COMPOUND WORDS
(Alex: I will give you definitions of 2 words & you have to combine those words to come up with the correct response.)
    $200 6
Ronald Reagan

Brad
    $200 13
Pennsylvania

Shana
    $200 11
Pandora

Brad
    $200 1
Nile

Brad
    $200 26
Tet

Michael
    $200 17
sundial

Brad
    $500 7
Macao

Brad
    $400 18
Arizona

Shana
    $400 12
Valkyries

Michael
    $400 2
Lake Superior

Brad
    $400 27
Joseph Heller

Shana
    $400 22
yardstick

Michael
    $600 8
Kurt Waldheim

Brad
    $600 19
Junipero Serra

Michael
    $600 14
Diana

Brad
    $600 3
Damascus

Brad
    $600 28
Spanish Civil War

Shana
    $600 23
bankroll

Shana
    $800 9
Harold Washington

Brad
    $800 20
Albuquerque

Brad
    $800 15
the Graces

Shana
    $800 4
(Brad: What is the Liffey?)
(Michael: What is the Donegal?)
(Shana: What is the Bourne?)

Shannon

BradShanaMichael
Triple Stumper
    $800 29
Herman Wouk

Shana
    $800 24
blackmail

Michael
    $1000 10
Robert Bork

Brad
    $1000 21
(Charles) Goodyear

Michael
    $1000 16
Eurydice

Triple Stumper
    $1,500 5
(Brad: What is the Danube?)

Vistula

Brad
    $1000 30
Albert Camus

Michael
    $1000 25
whirlwind

Shana

Scores at the end of the Double Jeopardy! Round:

Brad Shana Michael
$6,500 $5,600 $4,900

[wagering suggestions for these scores]

Final Jeopardy! Round responses

FAMOUS MUSICIANS
MichaelWho is Miles Davis
$1,799
ShanaWho was Ravi Shankar?
$3,000
BradWho is Ravi Shankar
$4,701
Ravi Shankar

Final scores:

Brad Shana Michael
$11,201 $8,600 $3,101
3-day champion: $30,402 2nd place: Gateway 2000 family desktop PC + Bush Industries cabinet & desk 3rd place: RCA Home Theater laser disc & CD player

Game dynamics:

Coryat scores:

Brad Shana Michael
$8,900 $5,600 $4,900
25 R
(including 1 DD),
3 W
(including 2 DDs)
15 R,
3 W
13 R,
2 W

Combined Coryat: $19,400

[game clues] [game scores] [suggest correction]

Game tape date: Unknown
The J! Archive is created by fans, for fans. Scraping, republication, monetization, and malicious use prohibited; this site may use cookies and collect identifying information. See terms. The Jeopardy! game show and all elements thereof, including but not limited to copyright and trademark thereto, are the property of Jeopardy Productions, Inc. and are protected under law. This website is not affiliated with, sponsored by, or operated by Jeopardy Productions, Inc. Join the discussion at JBoard.tv.